skbl

Dr Suryya Kumar Bhuyan Library Web-OPAC
ডঃ সূৰ্য্য
কুমাৰ ভূঞা পুথিভঁৰাল ৱেব-অ'পেক

All Research Scholars are advised to clear the annual library fees to continue using Library Resources, Remote Access, Plagiarism Test and Library Clearance.

Cotton University Book Fair 2026

Saraighatar Subachani / (Record no. 3353)

MARC details
000 -LEADER
fixed length control field 00613nam a2200241Ia 4500
001 - CONTROL NUMBER
control field 3365
005 - DATE AND TIME OF LATEST TRANSACTION
control field 20240113233625.0
007 - PHYSICAL DESCRIPTION FIXED FIELD--GENERAL INFORMATION
fixed length control field ta
008 - FIXED-LENGTH DATA ELEMENTS--GENERAL INFORMATION
fixed length control field 180117s1963 ii a g b000 u asm u
040 ## - CATALOGING SOURCE
Original cataloging agency Cotton College Assam
041 ## - LANGUAGE CODE
Language code of text/sound track or separate title asm
082 ## - DEWEY DECIMAL CLASSIFICATION NUMBER
Classification number 954.126
Item number B hu
100 ## - MAIN ENTRY--PERSONAL NAME
Personal name Bhuyan, S K .
245 #0 - TITLE STATEMENT
Title Saraighatar Subachani /
Statement of responsibility, etc. S K Bhuyan.
Medium Textual Documents
250 ## - EDITION STATEMENT
Edition statement 1st ed. /
260 ## - PUBLICATION, DISTRIBUTION, ETC.
Place of publication, distribution, etc. Gauhati :
Name of publisher, distributor, etc. Govt Press ,
Date of publication, distribution, etc. 1963.
300 ## - PHYSICAL DESCRIPTION
Extent 83p. :
Other physical details ill ;
Dimensions 21 cm. .
653 ## - INDEX TERM--UNCONTROLLED
Uncontrolled term History of Assam.
653 ## - INDEX TERM--UNCONTROLLED
Uncontrolled term G-History
942 ## - ADDED ENTRY ELEMENTS (KOHA)
Source of classification or shelving scheme Dewey Decimal Classification
Koha item type Books
Holdings
Withdrawn status Lost status Damaged status Not for loan Collection Home library Current library Shelving location Date acquired Coded location qualifier Total checkouts Full call number Barcode Date last seen Copy number Price effective from Koha item type
      Not for loan   Dr. Suryya Kumar Bhuyan Library Dr. Suryya Kumar Bhuyan Library   01/02/2012 00000   954.126 B hu 7/Gift 13/01/2024 1 01/02/2012 Books

Designed and Maintained by Team SKBL
©1901-2026

Powered by Koha